00651nam a2200193Ia 4500008004100000020001300041082001400054100002300068245005300091250000800144260003500152300002500187500001900212600002700231650005000258942000700308952012700315999001500442240925s9999 xx 000 0 und d a70521824 a005.1 PRE aPressman, Roger S. 0aSoftware Engineering: a practitioner's approach  a4th aNew York:bMcGraw-Hillc,1997. a160p.bNAfPhotocopy aIncludes Index aEngineering Technology aComputer science, information & general works cBK 001040708ETaUITUbUITUd1997-09-25eFair Book Centerg749.00l0o005.1 PREpQ1120r2024-09-25 07:12:19w2024-09-25yBK c3619d3619